000 00444nam a2200157 i 4500
001 40584
003 ES-MaACL
005 20230906160249.0
007 t|
008 030306s1950 fr ||||1| fre d
100 1 _aCarrel, Alexis.
_935609
245 1 0 _aRéflexions sur la conduite de la vie /
_cAlexis Carrel.
260 _aParis :
_bPlon,
_c[1950]
300 _a289 p. :
_b1 lám. retr. aut. ;
_c20 cm.
852 _aES-MaACL
_jD-6348
_bR.30512
999 _c40584
_d40584